Online
Catalog

Formas y tendencias del humanismo valenciano quinientista. / (Record no. 41163)

MARC details
000 -CABECERA
campo de control de longitud fija 00863nam a2200241 a 4500
001 - NÚMERO DE CONTROL
campo de control 000041673
005 - FECHA Y HORA DE LA ÚLTIMA TRANSACCIÓN
campo de control 20201002035711.0
008 - DATOS DE LONGITUD FIJA--INFORMACIÓN GENERAL
campo de control de longitud fija 131015s2003 sp 001 0 spa d
020 ## - NÚMERO INTERNACIONAL ESTÁNDAR DEL LIBRO
Número Internacional Estándar del Libro 8484831493
040 ## - FUENTE DE LA CATALOGACIÓN
Centro catalogador/agencia de origen DO-SdBNP
Lengua de catalogación spa
Centro/agencia transcriptor BNPHU
082 ## - NÚMERO DE LA CLASIFICACIÓN DECIMAL DEWEY
Número de clasificación xxx
Número de documento/Ítem xxx
100 1# - ENTRADA PRINCIPAL--NOMBRE DE PERSONA
Nombre de persona Gil Fernández, Luis
9 (RLIN) 65811
245 10 - MENCIÓN DE TÍTULO
Título Formas y tendencias del humanismo valenciano quinientista. /
Mención de responsabilidad, etc. Lius Gil Fernández; prólogo, Antonio Mestre Sanchis.
260 ## - PUBLICACIÓN, DISTRIBUCIÓN, ETC.
Lugar de publicación, distribución, etc. Alcañiz-Madrid, :
Nombre del editor, distribuidor, etc. Instituto de Estudios Humanisticos,
Fecha de publicación, distribución, etc. 2003.
300 ## - DESCRIPCIÓN FÍSICA
Extensión 190 p. ;
Dimensiones 25 cm.
490 1# - MENCIÓN DE SERIE
Mención de serie Textos y estudios humanísticos Palmyrenus
490 1# - MENCIÓN DE SERIE
Mención de serie Estudios
Designación de volumen o secuencia 2
500 ## - NOTA GENERAL
Nota general Incluye índice onomástico
504 ## - NOTA DE BIBLIOGRAFÍA, ETC.
Nota de bibliografía, etc. Bibliografía p: 161-176
700 1# - PUNTO DE ACCESO ADICIONAL--NOMBRE DE PERSONA
Nombre de persona Mestre Sanchis, Antonio
Término indicativo de función/relación prol.
9 (RLIN) 68471
830 #0 - PUNTO DE ACCESO ADICIONAL DE SERIE-TÍTULO UNIFORME
Título uniforme Textos y estudios humanísticos Palmyrenus
9 (RLIN) 68472
830 #0 - PUNTO DE ACCESO ADICIONAL DE SERIE-TÍTULO UNIFORME
Título uniforme Estudios
Designación de volumen o secuencia 2
9 (RLIN) 3854
Holdings
Estado de retiro Estado de pérdida Restricciones de uso No para préstamo Código de colección Localización permanente Ubicación/localización actual Ubicación en estantería Fecha de adquisición Número de inventario Total de préstamos Signatura topográfica completa Código de barras Fecha visto por última vez Precio válido a partir de Tipo de ítem Koha
      Excluido de préstamo Monografías: Libros y Folletos General General En catalogación 15.10.2013 LF1   xxx xxx 41673-10 25.06.2020 25.06.2020 No se presta

Powered by Koha